书目信息 |
| 题名: |
先秦寓言概论
|
|
| 作者: | 公木 著 | |
| 分册: | ||
| 出版信息: | 济南 齐鲁书社 1984 |
|
| 页数: | 203页 | |
| 开本: | 21cm | |
| 丛书名: | ||
| 单 册: | ||
| 中图分类: | I057 | |
| 科图分类: | ||
| 主题词: | 文学理论--各体 , 创作方法--各体 | |
| 电子资源: | ||
| ISBN: | ||
| 000 | 00634nam0 2200253 45 | |
| 001 | 0184008735 | |
| 005 | 20040428163309.5 | |
| 010 | @dCNY1.15 | |
| 091 | @a10206.96 | |
| 100 | @a19950414d1984 em y0chiy0121 ea | |
| 101 | 0 | @achi |
| 102 | @aCN@b370000 | |
| 105 | @ay z 000yy | |
| 106 | @ar | |
| 200 | 10 | @a先秦寓言概论@Axian qin yu yan gai lun@f公木著 |
| 210 | @a济南@c齐鲁书社@d1984 | |
| 215 | @a203页@d21cm | |
| 606 | 0 | @a文学理论@x各体 |
| 606 | 0 | @a创作方法@x各体 |
| 690 | @aI057 | |
| 701 | 0 | @a公木@Agong mu@4著 |
| 801 | 0 | @aCN@b上海图书馆@c20040428 |
| 801 | 2 | @aCN@bNLC@c20040428 |
| 905 | @f2@b145851-852@dI057@e45 | |
| 先秦寓言概论/公木著.-济南:齐鲁书社,1984 |
| 203页;21cm |
| ISBN :CNY1.15 |
| ● |
| 相关链接 |
|
|
|
|
正题名:先秦寓言概论
索取号:I057/45
 
预约/预借
| 序号 | 登录号 | 条形码 | 馆藏地/架位号 | 状态 | 备注 |
| 1 | 0145851 | 000907246 | 第二借阅区/ [索取号:I057/45] | 在馆 | |
| 2 | 0145852 | 000907282 | 第二借阅区/ [索取号:I057/45] | 在馆 | |
| 3 | 0145853 | 000907237 | 第一样本阅览室/ [索取号:I057/45] | 在馆 |